| 000 | 00856nas a22002057a 4500 | ||
|---|---|---|---|
| 007 | ta | ||
| 008 | 230828e20230823xxk||||os||||o00| 0 eng d | ||
| 041 | _aeng | ||
| 245 | _aRadcliffe Investment Properties Limited v Nigel Keith Meeson and Gayle Lee Meeson | ||
| 260 |
_a[2023] UKUT 209 (LC), _bUpper Tribunal (Lands Chamber), _c22 August 2023 |
||
| 520 | _aThe Upper Tribunal upheld a determination by the First-tier Tribunal that the costs of a waking watch had not been reasonably incurred under section 19(1) of the Landlord and Tenant Act 1985. | ||
| 650 | _aBUILDING SAFETY ACT 2022 | ||
| 650 | _aCLADDING | ||
| 650 | _aFIRE SAFETY | ||
| 650 | _aJUDGMENT | ||
| 650 | _aLANDLORD AND TENANT ACT 1985 | ||
| 650 | _aSERVICE CHARGES | ||
| 651 | _aUnited Kingdom | ||
| 856 |
_uhttps://www.bailii.org/uk/cases/UKUT/LC/2023/209.html _zAvailable on BAILII |
||
| 999 |
_c121651 _d121651 |
||